[Event "XXXIV Open Internacional de Barbera del Valles - G
[Site "Barbera del Valles (Spain)"]
[Date "2011.07.08"]
[Round "5"]
[Board "1"]
[White "LEON HOYOS, Manuel"]
[Black "ASIS GARGATAGLI, Hipolit"]
[Result "1-0"]
[WhiteElo "2548"]
[BlackElo "2431"]
[PlyCount "106"]
[EventDate "2011.07.04"]
[EventRounds "9"]
[EventCountry "ESP"]

1.e4 Nf6 2.e5 Nd5 3.d4 d6 4.Nf3 dxe5 5.Nxe5 c6 6.Be2 Bf5 7.O-O Nd7 8.Nf3 e6 9.c4
N5f6 10.Nc3 Bd6 11.Nh4 Bg6 12.g3 O-O 13.Bg5 Qa5 14.Nxg6 hxg6 15.Be3 e5 16.dxe5
Bxe5 17.Bd2 Qc7 18.Qc2 Nc5 19.Bf3 Rad8 20.Rad1 Ne6 21.Ne2 Nd4 22.Nxd4 Bxd4 23.c5
Rfe8 24.b4 a6 25.a3 Nd7 26.Bf4 Be5 27.Be3 Nf8 28.Qc4 Ne6 29.Bg4 Qe7 30.Rfe1 Qf6
31.h4 Bc3 32.Rf1 Bb2 33.a4 Rxd1 34.Rxd1 Nc7 35.Bg5 Qc3 36.Qxc3 Bxc3 37.Rd7 Nd5
38.Rxb7 Bxb4 39.Bd7 Re1+ 40.Kg2 Bxc5 41.Bxc6 Nf6 42.Bf3 Kf8 43.Rc7 Bb6 44.Rc6
Rb1 45.Bc1 Ke7 46.Ba3+ Kd7 47.Rd6+ Kc7 48.Rd3 Ra1 49.Bd6+ Kc8 50.Rb3 Bc7 51.Bxc7
Kxc7 52.Rb7+ Kd6 53.Rxf7 Ne8 1-0

[Event "XXXIV Open Internacional de Barbera del Valles - G
[Site "Barbera del Valles (Spain)"]
[Date "2011.07.08"]
[Round "5"]
[Board "1"]
[White "BACALLAO ALONSO, Yusnel"]
[Black "MASCARO MARCH, Pedro"]
[Result "1-0"]
[WhiteElo "2532"]
[BlackElo "2413"]
[PlyCount "0"]
[EventDate "2011.07.04"]
[EventRounds "9"]
[EventCountry "ESP"]

1.e4 e6 2.d4 d5 3.Nc3 dxe4 4.Nxe4 Bd7 5.Nf3 Bc6 6.Ng3 Nd7 7.Bd3 Ngf6 8.O-O Be7
9.b3 O-O 10.Bb2 Bxf3 11.Qxf3 c6 12.c4 Re8 13.Rad1 Bf8 14.h4 g6 15.h5 Bg7 16.Bb1
Qa5 17.hxg6 hxg6 18.Rfe1 Rac8 19.Nf1 Qh5 20.Qg3 Ng4 21.Be4 Nh6 22.Ne3 Qa5 23.Bb1
Nf6 24.d5 cxd5 25.Bxf6 Bxf6 26.cxd5 exd5 27.Qd6 d4 28.Qxf6 dxe3 29.fxe3 Qh5
30.Qf4 Ng4 31.Rd7 Ne5 32.Rxb7 Red8 33.Be4 Rd1 34.Rxd1 Qxd1+ 35.Kh2 Qh5+ 36.Kg3
Re8 37.Bf3 Qh1 38.Bd5 Qh7 39.Rxa7 Qg7 40.a4 Rd8 41.Ra8 Rxa8 42.Bxa8 g5 43.Qf5 1-0

[Event "XXXIV Open Internacional de Barbera del Valles - G
[Site "Barbera del Valles (Spain)"]
[Date "2011.07.08"]
[Round "5"]
[Board "1"]
[White "L'AMI, Alina"]
[Black "IBARRA JEREZ, Jose Carlos"]
[Result "1-0"]
[WhiteElo "2312"]
[BlackElo "2530"]
[PlyCount "163"]
[EventDate "2011.07.04"]
[EventRounds "9"]
[EventCountry "ESP"]

1.d4 Nf6 2.c4 d6 3.Nf3 Nbd7 4.Nc3 e5 5.g3 g6 6.Bg2 Bg7 7.O-O O-O 8.e4 exd4
9.Nxd4 Re8 10.Re1 a6 11.h3 Rb8 12.Be3 c5 13.Nc2 Ne5 14.Qe2 Be6 15.Na3 Qd7 16.f4
Nc6 17.g4 Nd4 18.Qf2 b5 19.e5 Nxg4 20.hxg4 b4 21.Ne4 bxa3 22.Bxd4 cxd4 23.Nxd6
Rxb2 24.Qg3 Reb8 25.f5 gxf5 26.gxf5 Bxf5 27.Bc6 Qe6 28.Bd5 Qd7 29.Bxf7+ Kh8
30.e6 Bxe6 31.Bxe6 Qa7 32.Nf7+ Kg8 33.Ne5+ Kh8 34.Ng6+ hxg6 35.Qh4+ Bh6 36.Qxh6+
Qh7 37.Qxh7+ Kxh7 38.Red1 Rc2 39.Rxd4 Rbb2 40.Rh4+ Kg7 41.Rf1 Rg2+ 42.Kh1 g5
43.Rf7+ Kg6 44.Rhh7 g4 45.Rhg7+ Kh5 46.Rh7+ Kg6 47.Rhg7+ Kh5 48.Rf8 Kh6 49.Rgg8
Rge2 50.Rh8+ Kg5 51.Rf5+ Kg6 52.Rg8+ Kh6 53.Rh8+ Kg7 54.Rg8+ Kh6 55.Rf6+ Kh7
56.Rxg4 Rb1+ 57.Rg1 Rxg1+ 58.Kxg1 Rxa2 59.Bf5+ Kg7 60.Rxa6 Ra1+ 61.Kg2 a2 62.Bc2
Kf8 63.Bb3 Ke7 64.Bxa2 Kd7 65.Kf3 Kc7 66.Ke3 Kb7 67.Ra5 Rd1 68.Rd5 Rh1 69.Kd4
Kc7 70.Bb3 Kb6 71.Re5 Rh3 72.c5+ Kb5 73.Bc4+ Ka5 74.Be6 Rh1 75.Kd5 Ka6 76.Kc6
Rh7 77.Re1 Ka7 78.Rd1 Rb7 79.Rd7 Ka8 80.Bd5 Rb1 81.Kd6+ Rb7 82.Bxb7+ 1-0

[Event "XXXIV Open Internacional de Barbera del Valles - G
[Site "Barbera del Valles (Spain)"]
[Date "2011.07.08"]
[Round "5"]
[Board "1"]
[White "FENOLLAR JORDA, Manuel"]
[Black "GONZALEZ GARCIA, Jose"]
[Result "0-1"]
[WhiteElo "2358"]
[BlackElo "2522"]
[PlyCount "90"]
[EventDate "2011.07.04"]
[EventRounds "9"]
[EventCountry "ESP"]

1.d4 d5 2.Nf3 Nf6 3.e3 e6 4.Bd3 c5 5.c3 Nc6 6.Nbd2 Bd6 7.O-O O-O 8.dxc5 Bxc5
9.e4 Qc7 10.Qe2 b6 11.e5 Ng4 12.Bxh7+ Kxh7 13.Ng5+ Kg8 14.Qxg4 Qxe5 15.Qh5 Qf5
16.Ndf3 Ba6 17.Rd1 Bd3 18.g4 Qg6 19.Qxg6 Bxg6 20.h4 Rfe8 21.h5 Bc2 22.Rd2 Be4
23.Nxe4 dxe4 24.Nh2 f5 25.Re2 Rad8 26.Bg5 Rd3 27.Kg2 Ne5 28.gxf5 exf5 29.Rd2
Rxd2 30.Bxd2 Nd3 31.Be3 Bxe3 32.fxe3 Nxb2 33.Nf1 Kf7 34.Rb1 Nd3 35.Ng3 Re5
36.Rf1 Kf6 37.Ne2 Ra5 38.Kh3 Rxa2 39.Ng3 Rf2 40.Ra1 Rf3 41.Rxa7 Rxe3 42.Kh2 f4
43.Nf1 Re1 44.Kg1 e3 45.Kg2 e2 0-1

[Event "XXXIV Open Internacional de Barbera del Valles - G
[Site "Barbera del Valles (Spain)"]
[Date "2011.07.08"]
[Round "5"]
[Board "1"]
[White "RYAN, Joseph"]
[Black "BRYNELL, Stellan"]
[Result "1/2-1/2"]
[WhiteElo "2267"]
[BlackElo "2495"]
[PlyCount "81"]
[EventDate "2011.07.04"]
[EventRounds "9"]
[EventCountry "ESP"]

1.e4 e6 2.d4 d5 3.Nc3 Bb4 4.e5 Ne7 5.a3 Bxc3+ 6.bxc3 b6 7.Qg4 Ng6 8.h4 h5 9.Qg3
Ba6 10.Bxa6 Nxa6 11.Qd3 Nb8 12.Nf3 c5 13.a4 cxd4 14.cxd4 Nc6 15.Bd2 Rc8 16.g3
Nge7 17.O-O Nf5 18.Rfb1 O-O 19.Kg2 Qc7 20.Ra2 Rb8 21.Raa1 Rfc8 22.Rh1 Nce7 23.c3
Qc4 24.Qb1 b5 25.axb5 Rxb5 26.Qd1 a5 27.Ng5 Qd3 28.Qxh5 Qxd2 29.Qxf7+ Kh8
30.Qxe6 Rf8 31.Nf7+ Rxf7 32.Qxf7 Rb2 33.Qh5+ Nh6 34.Qf3 Ng4 35.Rxa5 Qxf2+
36.Qxf2 Nxf2 37.Rf1 Ng4+ 38.Kh3 Nf2+ 39.Kg2 Ng4+ 40.Kh3 Nf2+ 41.Kg2 1/2-1/2

[Event "XXXIV Open Internacional de Barbera del Valles - G
[Site "Barbera del Valles (Spain)"]
[Date "2011.07.08"]
[Round "5"]
[Board "1"]
[White "SILVA RODRIGUEZ, Julio"]
[Black "GONZALEZ PEREZ, Arian"]
[Result "0-1"]
[WhiteElo "2133"]
[BlackElo "2490"]
[PlyCount "122"]
[EventDate "2011.07.04"]
[EventRounds "9"]
[EventCountry "ESP"]

1.e4 c5 2.Nf3 Nc6 3.d4 cxd4 4.Nxd4 Nf6 5.Nc3 e5 6.Ndb5 d6 7.Bg5 a6 8.Na3 b5
9.Nd5 Be7 10.Bxf6 Bxf6 11.c4 b4 12.Nc2 a5 13.g3 O-O 14.Bg2 Be6 15.O-O Rc8 16.Qd3
g6 17.Rfd1 Bg7 18.Nde3 Qb6 19.b3 Rfd8 20.Nd5 Bxd5 21.Qxd5 Nd4 22.Nxd4 exd4
23.Qg5 Rc5 24.Qd2 a4 25.Rf1 Rb8 26.Kh1 Ra5 27.f4 axb3 28.axb3 Rba8 29.Rae1 Ra2
30.Qd3 Rb2 31.Ra1 Ra3 32.e5 Rbxb3 33.Qe4 Rxa1 34.Rxa1 Ra3 35.Rd1 dxe5 36.fxe5
Ra5 37.c5 Rxc5 38.Qa8+ Bf8 39.Bd5 Qc7 40.e6 Ra5 41.exf7+ Kg7 42.Qc6 Qxc6 43.Bxc6
b3 44.Rb1 d3 45.Bf3 d2 46.Kg2 Ra2 47.Bd1 Rc2 48.Rxb3 Rc1 49.Bf3 d1=Q 50.Bxd1
Rxd1 51.Rf3 Rd7 52.Rf2 Rxf7 53.Rc2 Rd7 54.Rb2 Ba3 55.Ra2 Bb4 56.Ra4 Rd2+ 57.Kh1
Bc5 58.Rc4 Bd6 59.Ra4 Kf6 60.Ra7 h5 61.Ra6 Kf5 0-1

[Event "XXXIV Open Internacional de Barbera del Valles - G
[Site "Barbera del Valles (Spain)"]
[Date "2011.07.08"]
[Round "5"]
[Board "1"]
[White "GOMEZ JURADO, Luis Alberto"]
[Black "CARLSSON, Pontus"]
[Result "0-1"]
[WhiteElo "2353"]
[BlackElo "2496"]
[PlyCount "102"]
[EventDate "2011.07.04"]
[EventRounds "9"]
[EventCountry "ESP"]

1.c4 e5 2.g3 Nf6 3.Bg2 h6 4.Nc3 Bb4 5.Nd5 Nxd5 6.cxd5 O-O 7.Nf3 d6 8.O-O c6 9.d4
e4 10.Ne1 Bxe1 11.Rxe1 cxd5 12.Qb3 Qa5 13.Bf4 Rd8 14.f3 Nc6 15.fxe4 dxe4 16.d5
Nd4 17.Qc4 Qc5 18.Qxc5 dxc5 19.Bxe4 Bf5 20.Bxf5 Nxf5 21.Rac1 g5 22.Bc7 Rxd5
23.e4 Rd7 24.exf5 Rxc7 25.Re5 Rd8 26.Rc2 Kg7 27.b4 c4 28.Kf2 Kf6 29.Ra5 b6
30.Ra4 Kxf5 31.b5 c3 32.g4+ Kf6 33.Kf3 Re7 34.Re4 Rxe4 35.Kxe4 Rc8 36.Kd4 Ke6
37.a4 f5 38.gxf5+ Kxf5 39.Kd3 Rd8+ 40.Ke2 Re8+ 41.Kd3 Rd8+ 42.Ke2 Rc8 43.Ke3 Kg4
44.Ke2 Kf4 45.Rc1 c2 46.Kd2 Kf3 47.h3 h5 48.Kd3 g4 49.hxg4 Kxg4 50.Rf1 Kg3
51.Rc1 Kf4 0-1

[Event "XXXIV Open Internacional de Barbera del Valles - G
[Site "Barbera del Valles (Spain)"]
[Date "2011.07.08"]
[Round "5"]
[Board "1"]
[White "HUERGA LEACHE, Mikel"]
[Black "CARSTENSEN, Jacob"]
[Result "0-1"]
[WhiteElo "2453"]
[BlackElo "2391"]
[PlyCount "104"]
[EventDate "2011.07.04"]
[EventRounds "9"]
[EventCountry "ESP"]

1.e4 c5 2.Nf3 d6 3.d4 cxd4 4.Nxd4 Nf6 5.Nc3 a6 6.Be3 e5 7.Nb3 Be6 8.f3 Nbd7
9.Qd2 b5 10.O-O-O h5 11.Kb1 Be7 12.Nd5 Bxd5 13.exd5 Nb6 14.Bxb6 Qxb6 15.Na5 O-O
16.Nc6 Rfe8 17.Bd3 g6 18.h3 Bf8 19.Be4 a5 20.g4 Bg7 21.Qd3 h4 22.Qd2 b4 23.Rhf1
Rac8 24.c4 bxc3 25.Qxc3 Bh6 26.Ne7+ Rxe7 27.Qxc8+ Kg7 28.Qc6 Qb8 29.Qc3 Qb6
30.Qb3 Qa7 31.Qa3 Qb6 32.Rd3 Qa6 33.Qc3 Nxe4 34.fxe4 Rc7 35.Qa3 Qc4 36.Rdd1
Qxe4+ 37.Ka1 Rc5 38.Qf3 Qxf3 39.Rxf3 e4 40.Rc3 Rxc3 41.bxc3 f5 42.Kb1 f4 43.Kc2
f3 44.c4 e3 45.Kd3 e2 46.Rb1 Kf6 47.Ra1 Ke5 48.Rb1 Bf4 49.Rb8 e1=N+ 50.Kc3 f2
51.Re8+ Kf6 52.g5+ Kxg5 0-1

[Event "XXXIV Open Internacional de Barbera del Valles - G
[Site "Barbera del Valles (Spain)"]
[Date "2011.07.08"]
[Round "5"]
[Board "1"]
[White "PEREZ MITJANS, Orelvis"]
[Black "KASHTANOV, Ruslan"]
[Result "1-0"]
[WhiteElo "2452"]
[BlackElo "2360"]
[PlyCount "85"]
[EventDate "2011.07.04"]
[EventRounds "9"]
[EventCountry "ESP"]

1.e4 c5 2.Nf3 e6 3.Qe2 Nc6 4.c3 e5 5.g3 g6 6.Bg2 Bg7 7.d3 Nge7 8.Na3 d6 9.Nc4 b5
10.Ne3 h6 11.h4 Be6 12.h5 Qd7 13.Nh4 O-O 14.f4 exf4 15.gxf4 d5 16.O-O d4 17.f5
dxe3 18.f6 Rfd8 19.hxg6 fxg6 20.fxg7 Qxd3 21.Qxe3 Qxe3+ 22.Bxe3 Kxg7 23.Bxc5 Rd7
24.e5 Nd5 25.Be4 Rc8 26.Nxg6 Nxe5 27.Bf8+ Rxf8 28.Nxf8 Bf7 29.Rf5 Nc4 30.Raf1
Nd6 31.Rxf7+ Nxf7 32.Ne6+ Kg8 33.Bg6 Ne3 34.Bxf7+ Kh7 35.Rf3 Rd1+ 36.Kf2 Ng4+
37.Ke2 Rb1 38.Rg3 Rxb2+ 39.Kd1 h5 40.Bxh5 Nf2+ 41.Ke1 Kh6 42.Bf7 Rxa2 43.Rf3 1-0

[Event "XXXIV Open Internacional de Barbera del Valles - G
[Site "Barbera del Valles (Spain)"]
[Date "2011.07.08"]
[Round "5"]
[Board "1"]
[White "CRUZ LLEDO, Pablo"]
[Black "GARCIA ROMAN, Daniel"]
[Result "1/2-1/2"]
[WhiteElo "2269"]
[BlackElo "2427"]
[PlyCount "64"]
[EventDate "2011.07.04"]
[EventRounds "9"]
[EventCountry "ESP"]

1.d4 Nf6 2.c4 e6 3.Nc3 Bb4 4.Qc2 b6 5.e4 c5 6.e5 cxd4 7.a3 Bf8 8.Nb5 Ng8 9.Nf3
Bb7 10.Nbxd4 a6 11.Bf4 Ne7 12.Be2 Qc7 13.O-O Nbc6 14.Nxc6 Bxc6 15.Rac1 Ng6
16.Bg3 Rc8 17.Rfe1 Be7 18.Qc3 O-O 19.Nd2 Rfd8 20.Bd3 d6 21.Bxg6 hxg6 22.Ne4 Bxe4
23.exd6 Bxd6 24.Rxe4 Bxg3 25.hxg3 Rd6 26.Re2 Rcd8 27.Rec2 Rd3 28.Qe1 Qc5 29.Rc3
Rd2 30.R3c2 R2d3 31.Rc3 Rd2 32.R3c2 R2d3 1/2-1/2

[Event "XXXIV Open Internacional de Barbera del Valles - G
[Site "Barbera del Valles (Spain)"]
[Date "2011.07.08"]
[Round "5"]
[Board "1"]
[White "VASSALLO BARROCHE, Mauricio"]
[Black "SANCHEZ IBERN, Marc"]
[Result "1/2-1/2"]
[WhiteElo "2416"]
[BlackElo "2327"]
[PlyCount "53"]
[EventDate "2011.07.04"]
[EventRounds "9"]
[EventCountry "ESP"]

1.Nf3 Nf6 2.g3 g6 3.Bg2 Bg7 4.O-O O-O 5.d3 d5 6.Nbd2 c5 7.e4 Nc6 8.c3 e5 9.a4
Re8 10.Re1 dxe4 11.dxe4 Qc7 12.Nc4 Be6 13.Bf1 Rad8 14.Qc2 Bxc4 15.Bxc4 Na5
16.Qe2 Nd7 17.Bg5 Rc8 18.Bd5 Nb6 19.Rad1 c4 20.Be3 Nxa4 21.Ng5 Re7 22.Qg4 Rf8
23.Qh4 h6 24.Nf3 Kh7 25.Ng5+ Kg8 26.Nf3 Kh7 27.Bg5 1/2-1/2

[Event "XXXIV Open Internacional de Barbera del Valles - G
[Site "Barbera del Valles (Spain)"]
[Date "2011.07.08"]
[Round "5"]
[Board "1"]
[White "VEHI BACH, Victor Manuel"]
[Black "SIMON PADROS, Emili"]
[Result "1-0"]
[WhiteElo "2403"]
[BlackElo "2279"]
[PlyCount "89"]
[EventDate "2011.07.04"]
[EventRounds "9"]
[EventCountry "ESP"]

1.e4 e6 2.d4 d5 3.Nc3 Nf6 4.Bg5 Bb4 5.e5 h6 6.Bd2 Bxc3 7.bxc3 Ne4 8.Qg4 g6 9.Qf4
c5 10.Bd3 Nxd2 11.Qxd2 Qa5 12.Nf3 Nc6 13.dxc5 Qxc5 14.O-O b6 15.Rfe1 Bd7 16.h4
Rc8 17.Qf4 Qe7 18.c4 Nb4 19.cxd5 Nxd5 20.Qg4 h5 21.Qg3 Kf8 22.Ng5 Nc3 23.Re3 Kg7
24.Ba6 Nd5 25.Bxc8 Rxc8 26.Rf3 Be8 27.c3 Rc4 28.Qh3 Nf4 29.Qh2 Nd5 30.g3 Qc7
31.Re1 Nxc3 32.Qh3 Qc6 33.a3 Nb5 34.Qf1 Nc7 35.Qd3 Nd5 36.Ne4 Rc1 37.Qd2 Rxe1+
38.Qxe1 Ne7 39.Rc3 Qa4 40.Nd6 Bc6 41.Qd2 Qg4 42.Re3 Nf5 43.Rc3 Bd5 44.Ne8+ Kf8
45.Nf6 1-0

[Event "XXXIV Open Internacional de Barbera del Valles - G
[Site "Barbera del Valles (Spain)"]
[Date "2011.07.08"]
[Round "5"]
[Board "1"]
[White "VAN RIEMSDIJK, Herman C"]
[Black "OBON TEMPRANO, Sergi"]
[Result "1/2-1/2"]
[WhiteElo "2403"]
[BlackElo "2255"]
[PlyCount "239"]
[EventDate "2011.07.04"]
[EventRounds "9"]
[EventCountry "ESP"]

1.e4 e6 2.d4 d5 3.Nc3 dxe4 4.Nxe4 Bd7 5.Nf3 Bc6 6.Bd3 Nd7 7.c4 Ngf6 8.Nc3 Bxf3
9.Qxf3 c6 10.O-O Be7 11.Rb1 Qa5 12.c5 O-O 13.b4 Qd8 14.Bf4 a6 15.Rfe1 Nd5
16.Nxd5 exd5 17.Bc7 Qxc7 18.Rxe7 Qd8 19.Qh3 Nf6 20.Rxb7 Rb8 21.Rxb8 Qxb8 22.Bxa6
Re8 23.Bf1 Qf4 24.Rd1 Ra8 25.b5 Ne4 26.Qe3 Qxe3 27.fxe3 cxb5 28.Bxb5 Nc3 29.Bc6
Rxa2 30.Rf1 g6 31.Bd7 f5 32.g4 f4 33.Be6+ Kg7 34.exf4 Ne2+ 35.Kh1 Nxd4 36.Bxd5
Rc2 37.Rd1 Ne2 38.Bb3 Rxc5 39.Rd7+ Kf8 40.Rxh7 Rc1+ 41.Kg2 Nxf4+ 42.Kg3 g5
43.Rf7+ Ke8 44.Rb7 Rc3+ 45.Kf2 Nd3+ 46.Kf1 Nf4 47.Ba4+ Kf8 48.Rb5 Kf7 49.Rf5+
Ke6 50.Ke1 Rh3 51.Rxg5 Rxh2 52.Bb3+ Ke7 53.Re5+ Kd6 54.Re8 Rg2 55.Bd1 Kd7 56.Re4
Rg1+ 57.Kd2 Nh3 58.Be2 Nf2 59.Rf4 Nh3 60.Rf5 Ke7 61.Ke3 Re1 62.Kd3 Rg1 63.Kd4
Rg2 64.Bf3 Rg1 65.Ke3 Rg3 66.Ke4 Rg1 67.Rh5 Nf2+ 68.Kf5 Nxg4 69.Bxg4 Kd6 70.Bf3
Re1 71.Rh6+ Kc7 72.Be4 Rf1+ 73.Ke5 Rf7 74.Rc6+ Kd7 75.Rc1 Re7+ 76.Kd5 Rf7 77.Ra1
Re7 78.Bf5+ Kc7 79.Be6 Re8 80.Rc1+ Kb6 81.Kd6 Rb8 82.Bd7 Rb7 83.Bc8 Rb8 84.Rc5
Ka7 85.Bd7 Kb7 86.Rb5+ Ka7 87.Ra5+ Kb6 88.Ra1 Rb7 89.Bc6 Rb8 90.Rh1 Rd8+ 91.Bd7
Rb8 92.Rh5 Rb7 93.Rg5 Rb8 94.Rg4 Rb7 95.Rg8 Ka5 96.Kc5 Rb5+ 97.Kd6 Rb6+ 98.Bc6
Kb4 99.Kd5 Kc3 100.Rg3+ Kd2 101.Kc5 Rb2 102.Bb5 Ke1 103.Rf3 Kd2 104.Bc4 Kc1
105.Kd4 Kd2 106.Bb3 Ke2 107.Rh3 Kd2 108.Rh2+ Kc1 109.Rh1+ Kd2 110.Rh3 Kc1
111.Bc4 Kd2 112.Rg3 Rc2 113.Bd3 Rb2 114.Rh3 Rb4+ 115.Bc4 Rb2 116.Rd3+ Kc2
117.Bd5 Rb4+ 118.Ke3 Rh4 119.Be6 Kb2 120.Bf5 1/2-1/2

[Event "XXXIV Open Internacional de Barbera del Valles - G
[Site "Barbera del Valles (Spain)"]
[Date "2011.07.08"]
[Round "5"]
[Board "1"]
[White "CRUZ RAVINA, Francisco Javier"]
[Black "BALS HERNANDEZ, Jordi"]
[Result "1/2-1/2"]
[WhiteElo "2399"]
[BlackElo "2089"]
[PlyCount "119"]
[EventDate "2011.07.04"]
[EventRounds "9"]
[EventCountry "ESP"]

1.Nf3 c5 2.c4 g6 3.d4 cxd4 4.Nxd4 Bg7 5.e4 Nf6 6.Nc3 Nc6 7.Be3 Nxd4 8.Bxd4 d6
9.Be2 O-O 10.O-O Be6 11.f3 Nd7 12.Bxg7 Kxg7 13.Qd4+ Kg8 14.f4 Qb6 15.Rad1 Rfc8
16.Qxb6 Nxb6 17.b3 a5 18.f5 Bd7 19.f6 Kf8 20.e5 dxe5 21.Nd5 Nxd5 22.Rxd5 Bc6
23.fxe7+ Kxe7 24.Rxe5+ Kd6 25.Re3 Re8 26.Rxe8 Rxe8 27.Bf3 Re7 28.Rd1+ Kc5 29.Kf2
Kb4 30.Rd8 Bxf3 31.gxf3 Ka3 32.Rd5 Kxa2 33.Rb5 Kb2 34.c5 h5 35.Rxa5 Kxb3 36.Ra7
Rc7 37.c6 Rxc6 38.Rxb7+ Kc3 39.Rxf7 Re6 40.Kg3 Kd3 41.h4 Ke3 42.Rf8 Ke2 43.Kf4
Re3 44.Kg3 Re6 45.f4 Re3+ 46.Kg2 Re4 47.Rf6 Ra4 48.Re6+ Kd2 49.Rxg6 Rxf4 50.Kg3
Ke3 51.Rg5 Rf3+ 52.Kg2 Rf2+ 53.Kg1 Rf4 54.Rxh5 Kf3 55.Rh8 Kg3 56.h5 Kh4 57.h6
Kh5 58.Kg2 Rf6 59.h7 Kh6 60.Rg8 1/2-1/2

[Event "XXXIV Open Internacional de Barbera del Valles - G
[Site "Barbera del Valles (Spain)"]
[Date "2011.07.08"]
[Round "5"]
[Board "1"]
[White "DO SANTOS JULIO, Joao Manuel"]
[Black "SANDE EDREIRA, Jose Antonio"]
[Result "0-1"]
[WhiteElo "2104"]
[BlackElo "2348"]
[PlyCount "124"]
[EventDate "2011.07.04"]
[EventRounds "9"]
[EventCountry "ESP"]

1.e4 c5 2.Nf3 Nc6 3.d4 cxd4 4.Nxd4 g6 5.c4 Bg7 6.Be3 Nf6 7.Nc3 O-O 8.Be2 d6
9.Rc1 Bd7 10.O-O Nxd4 11.Bxd4 Bc6 12.f3 a5 13.b3 Bh6 14.Rc2 Nd7 15.f4 e5 16.Be3
Nc5 17.Nd5 Nxe4 18.Bb6 Qd7 19.Bf3 Bxd5 20.cxd5 f5 21.fxe5 dxe5 22.Bxe4 fxe4
23.Re1 Qb5 24.Bc7 Rf7 25.Bxe5 Raf8 26.h3 Rf5 27.Bc7 Rxd5 28.Qe2 e3 29.Qxb5 Rxb5
30.Bd6 Rd8 31.Rc5 Rb4 32.Bc7 Ra8 33.Rxa5 Rc8 34.Rc5 Re4 35.Re2 Rd4 36.Re1 Rd2
37.Bb6 Rf8 38.Re5 Rff2 39.Bxe3 Rxg2+ 40.Kf1 Bxe3 41.R1xe3 Rdf2+ 42.Ke1 Rxa2
43.Kf1 Raf2+ 44.Ke1 Rf7 45.Re8+ Kg7 46.R8e7 Rb2 47.h4 b5 48.h5 Rxe7 49.Rxe7+ Kh6
50.hxg6 hxg6 51.Re3 g5 52.Kd1 g4 53.Re4 g3 54.Rg4 g2 55.Ke1 Kh5 56.Rg8 Kh4 57.b4
Kh3 58.Rg7 Kh2 59.Rh7+ Kg3 60.Rg7+ Kf3 61.Rf7+ Ke3 62.Re7+ Kd3 0-1

[Event "XXXIV Open Internacional de Barbera del Valles - G
[Site "Barbera del Valles (Spain)"]
[Date "2011.07.08"]
[Round "5"]
[Board "1"]
[White "SILVA RODRIGUEZ, Fernando"]
[Black "DOMINGUEZ PONS, Eric"]
[Result "1-0"]
[WhiteElo "2064"]
[BlackElo "2344"]
[PlyCount "73"]
[EventDate "2011.07.04"]
[EventRounds "9"]
[EventCountry "ESP"]

1.d4 d5 2.c4 c6 3.Nc3 Nf6 4.e3 e6 5.Nf3 Nbd7 6.Qc2 Bd6 7.Be2 O-O 8.O-O Re8 9.Rd1
Qe7 10.h3 h6 11.a3 dxc4 12.Bxc4 e5 13.Nh4 Nb6 14.Ng6 Qc7 15.Nxe5 Bxe5 16.dxe5
Qxe5 17.Bd3 Be6 18.b3 Rad8 19.Bb2 Qg5 20.Kh2 Qh4 21.Bf5 Bxf5 22.Qxf5 Qg5 23.Qc2
Qh4 24.Kg1 Nfd5 25.Rd4 Qe7 26.Rad1 Nc7 27.Rg4 Rxd1+ 28.Qxd1 f6 29.Ne4 Nbd5
30.Qf3 Kh8 31.Ng3 Ne6 32.Nf5 Qf8 33.h4 b5 34.e4 Ne7 35.Nxg7 Nxg7 36.Bxf6 Nef5
37.Qxf5 1-0

[Event "XXXIV Open Internacional de Barbera del Valles - G
[Site "Barbera del Valles (Spain)"]
[Date "2011.07.08"]
[Round "5"]
[Board "1"]
[White "DALO, Hermes"]
[Black "THAKUR, Akash"]
[Result "0-1"]
[WhiteElo "2049"]
[BlackElo "2327"]
[PlyCount "86"]
[EventDate "2011.07.04"]
[EventRounds "9"]
[EventCountry "ESP"]

1.d4 d5 2.c4 c6 3.Nf3 Nf6 4.Nc3 dxc4 5.a4 Bf5 6.e3 e6 7.Bxc4 Bb4 8.O-O O-O 9.Qe2
Nbd7 10.e4 Bg6 11.Bd3 Bh5 12.e5 Nd5 13.Nxd5 cxd5 14.Qe3 Re8 15.Ne1 Rc8 16.f4 Bg6
17.Bxg6 fxg6 18.Nd3 Qa5 19.Nxb4 Qxb4 20.Rf3 Rc2 21.b3 Rec8 22.Ba3 Qd2 23.Qxd2
Rxd2 24.Bc1 Rd1+ 25.Rf1 Rd3 26.Rb1 Nb8 27.Rf3 Rxf3 28.gxf3 Rc3 29.Kf2 Nc6 30.Be3
Rc2+ 31.Kg1 Kf7 32.h4 Ke8 33.Kf1 Ne7 34.b4 Nf5 35.Bf2 Kd7 36.b5 Rc4 37.b6 a6
38.a5 Nxd4 39.Kg2 Nc6 40.Kg3 Nxa5 41.Rh1 h5 42.Rg1 Nc6 43.Kh2 Ne7 0-1

[Event "XXXIV Open Internacional de Barbera del Valles - G
[Site "Barbera del Valles (Spain)"]
[Date "2011.07.08"]
[Round "5"]
[Board "1"]
[White "CODENOTTI, Marco"]
[Black "ANUPRITA, Patil"]
[Result "1/2-1/2"]
[WhiteElo "2323"]
[BlackElo "2048"]
[PlyCount "101"]
[EventDate "2011.07.04"]
[EventRounds "9"]
[EventCountry "ESP"]

1.e4 c5 2.Nf3 e6 3.d4 cxd4 4.Nxd4 Qb6 5.Nc3 Bc5 6.Be3 Nc6 7.Na4 Qa5+ 8.c3 Bxd4
9.Bxd4 Nxd4 10.Qxd4 e5 11.Qc4 d6 12.Qb5+ Qxb5 13.Bxb5+ Bd7 14.Bxd7+ Kxd7 15.c4
Rc8 16.b3 Ne7 17.Nc3 a6 18.a4 Ke6 19.O-O-O Nc6 20.Kb2 g6 21.g4 h5 22.g5 h4
23.Nd5 Ne7 24.f4 Nxd5 25.exd5+ Ke7 26.Rde1 b5 27.Kc3 bxc4 28.bxc4 Rh5 29.fxe5
Rxg5 30.exd6+ Kxd6 31.Rhf1 Rg4 32.Rf6+ Kc5 33.Rd1 Rxc4+ 34.Kb3 Rb8+ 35.Ka3 Rd4
36.Rxd4 Kxd4 37.Rxf7 Kxd5 38.Rf6 Rg8 39.Kb4 a5+ 40.Kb5 g5 41.Kxa5 g4 42.Kb6 g3
43.hxg3 hxg3 44.Rf1 Rg6+ 45.Kb5 g2 46.Rg1 Ke4 47.a5 Kf3 48.a6 Kf2 49.Rxg2+ Kxg2
50.a7 Rg8 51.Kb6 1/2-1/2

[Event "XXXIV Open Internacional de Barbera del Valles - G
[Site "Barbera del Valles (Spain)"]
[Date "2011.07.08"]
[Round "5"]
[Board "1"]
[White "JARENO BADENAS, Aleix"]
[Black "BYSTROV, Sergej M"]
[Result "1/2-1/2"]
[WhiteElo "2026"]
[BlackElo "2300"]
[PlyCount "93"]
[EventDate "2011.07.04"]
[EventRounds "9"]
[EventCountry "ESP"]

1.e4 c5 2.Nc3 a6 3.f4 b5 4.d4 cxd4 5.Qxd4 Nc6 6.Qf2 d6 7.Bd3 Nf6 8.Nf3 e6 9.h3
Nb4 10.O-O Nxd3 11.cxd3 Be7 12.Be3 Bb7 13.a3 O-O 14.g4 Rc8 15.Rac1 Nd7 16.g5 Nc5
17.Qe2 d5 18.d4 Nxe4 19.Nxe4 dxe4 20.Ne5 Qd5 21.h4 f6 22.gxf6 gxf6 23.Qg4+ Kh8
24.Rxc8 Bxc8 25.Kh1 fxe5 26.Rg1 Bf6 27.fxe5 Qd8 28.exf6 Qxf6 29.Bf4 e5 30.Bxe5
Bxg4 31.Rxg4 Qxe5 32.dxe5 e3 33.Re4 Kg7 34.e6 Kf6 35.Rxe3 Re8 36.Kg2 Rxe6
37.Rf3+ Ke5 38.Kg3 Rg6+ 39.Kh3 Kd4 40.Rf7 h6 41.Rc7 Kd5 42.h5 Re6 43.Kg4 Ke5
44.Rc5+ Ke4 45.Rc7 Ke5 46.Rc5+ Ke4 47.Rc7 1/2-1/2

[Event "XXXIV Open Internacional de Barbera del Valles - G
[Site "Barbera del Valles (Spain)"]
[Date "2011.07.08"]
[Round "5"]
[Board "1"]
[White "GARCIA DE LOMAS GUERRERO, Carlo"]
[Black "COLON GARCIA, Enrique"]
[Result "0-1"]
[WhiteElo "1980"]
[BlackElo "2276"]
[PlyCount "64"]
[EventDate "2011.07.04"]
[EventRounds "9"]
[EventCountry "ESP"]

1.e4 c5 2.Nf3 d6 3.d4 cxd4 4.Nxd4 Nf6 5.Nc3 a6 6.Bg5 e6 7.f4 h6 8.Bh4 Be7 9.Qf3
Nbd7 10.O-O-O Qc7 11.Bd3 g5 12.fxg5 Ne5 13.Qe2 Nfg4 14.h3 hxg5 15.Bg3 Nf6 16.Nf3
Nh5 17.Bh2 Bd7 18.Qe3 Rg8 19.Kb1 b5 20.g4 Nf6 21.Nxe5 dxe5 22.Qg3 b4 23.Ne2 Bc6
24.Qxe5 Qxe5 25.Bxe5 Nxe4 26.Bxe4 Bxe4 27.Rh2 f6 28.Ng3 Bg6 29.Bd6 Rd8 30.Rhd2
Rh8 31.Nh5 Bxh5 32.Bxe7 Rxd2 0-1

[Event "XXXIV Open Internacional de Barbera del Valles - G
[Site "Barbera del Valles (Spain)"]
[Date "2011.07.08"]
[Round "5"]
[Board "1"]
[White "CAPELLADES SUBIRANA, Marc"]
[Black "LJUBAROV, Mark"]
[Result "1-0"]
[WhiteElo "2260"]
[BlackElo "2115"]
[PlyCount "65"]
[EventDate "2011.07.04"]
[EventRounds "9"]
[EventCountry "ESP"]

1.e4 e5 2.Nf3 Nc6 3.Bc4 Nf6 4.d3 Be7 5.O-O O-O 6.Re1 d6 7.c3 Na5 8.Nbd2 Nxc4
9.Nxc4 g6 10.Bg5 Nh5 11.Bh6 Ng7 12.d4 f5 13.dxe5 fxe4 14.exd6 cxd6 15.Qd5+ Be6
16.Qxe4 d5 17.Qe2 Bc5 18.Bxg7 Kxg7 19.Qxe6 Rxf3 20.gxf3 Qg5+ 21.Qg4 Qxg4+
22.fxg4 dxc4 23.Kg2 h5 24.Rad1 hxg4 25.Re4 Rf8 26.Rd2 b5 27.Rxg4 Rf5 28.f3 Re5
29.Kf1 Kf6 30.f4 Rh5 31.Rg5 Be3 32.Rd6+ Ke7 33.Rxh5 1-0